[Event "Dresden ZMD op 23rd"]
[Site "Dresden"]
[Date "2014.08.23"]
[Round "9"]
[White "Schwarz, Larissa"]
[Black "Mueller, Daniel"]
[Result "1/2-1/2"]
[WhiteElo "1933"]
[BlackElo "2087"]
[PlyCount "101"]
[EventDate "2014.08.15"]
[EventType "swiss"]
[EventRounds "9"]
[EventCountry "GER"]
[SourceTitle "CBM 161 Extra"]
[Source "ChessBase"]
[SourceDate "2014.08.29"]
[SourceVersion "1"]
[SourceVersionDate "2014.08.29"]
[SourceQuality "1"]

1. e4 c5 2. Nf3 e6 3. d4 cxd4 4. Nxd4 a6 5. Nc3 Qc7 6. Be2 Nf6 7. 0-0 Bb4 8. Qd3 Nc6 9. Nxc6 bxc6 10. a3 Be7 11. Be3 0-0 12. Na4 Rb8 13. b4 d5 14. exd5 cxd5 15. Nc5 a5 16. c3 Ra8 17. Nb3 a4 18. Nd4 Nd7 19. Nf3 Nb6 20. Qd4 Nd7 21. Bf4 Qb7 22. Rac1 Bf6 23. Ne5 Nb6 24. Qe3 Be7 25. Nf3 f6 26. Nd2 e5 27. Bg3 Be6 28. f4 e4 29. f5 Bf7 30. c4 dxc4 31. Nxc4 Nxc4 32. Bxc4 Bd8 33. Bf2 Re8 34. Bxf7+ Qxf7 35. Qd4 Bc7 36. Rfe1 Bf4 37. Rc5 Rad8 38. Qc4 Rd3 39. Qxe4 Rxe4 40. Rc8+ Re8 41. Rexe8+ Qxe8 42. Rxe8+ Kf7 43. Re4 Bc1 44. Bc5 g6 45. Re7+ Kg8 46. fxg6 hxg6 47. Ra7 Rxa3 48. b5 Rb3 49. b6 a3 50. b7 a2 51. Rxa2 1/2-1/2

[Event "Dresden ZMD op 23rd"]
[Site "Dresden"]
[Date "2014.08.21"]
[Round "7"]
[White "Kleibaumhueter, Klaus"]
[Black "Mueller, Daniel"]
[Result "1/2-1/2"]
[WhiteElo "2066"]
[BlackElo "2087"]
[PlyCount "55"]
[EventDate "2014.08.15"]
[EventType "swiss"]
[EventRounds "9"]
[EventCountry "GER"]
[SourceTitle "CBM 161 Extra"]
[Source "ChessBase"]
[SourceDate "2014.08.29"]
[SourceVersion "1"]
[SourceVersionDate "2014.08.29"]
[SourceQuality "1"]

1. Nf3 Nf6 2. c4 d5 3. g3 c6 4. Bg2 g6 5. 0-0 Bg7 6. Na3 0-0 7. d3 b6 8. Rb1 Bb7 9. Bf4 Nbd7 10. Qd2 Re8 11. Rfc1 e5 12. Bg5 d4 13. b4 Qe7 14. e3 dxe3 15. Qxe3 Qf8 16. Nd2 h6 17. Bxf6 Bxf6 18. b5 Rac8 19. bxc6 Bxc6 20. Bxc6 Rxc6 21. Qf3 Rcc8 22. Nb5 a6 23. Nc3 Bg5 24. Rd1 Bxd2 25. Rxd2 Qd6 26. Qd5 Rc6 27. Qxd6 Rxd6 28. Nd5 1/2-1/2

[Event "Dresden ZMD op 23rd"]
[Site "Dresden"]
[Date "2014.08.19"]
[Round "5"]
[White "Reinemer, Frank"]
[Black "Mueller, Daniel"]
[Result "1-0"]
[WhiteElo "2203"]
[BlackElo "2087"]
[PlyCount "147"]
[EventDate "2014.08.15"]
[EventType "swiss"]
[EventRounds "9"]
[EventCountry "GER"]
[SourceTitle "CBM 161 Extra"]
[Source "ChessBase"]
[SourceDate "2014.08.29"]
[SourceVersion "1"]
[SourceVersionDate "2014.08.29"]
[SourceQuality "1"]

1. d4 Nf6 2. c4 g6 3. Nc3 d5 4. cxd5 Nxd5 5. e4 Nxc3 6. bxc3 Bg7 7. Bc4 c5 8. Ne2 cxd4 9. cxd4 0-0 10. 0-0 Nc6 11. Be3 e6 12. Rc1 Bd7 13. f3 Qe7 14. Qd2 Rfc8 15. Rfd1 Be8 16. d5 Ne5 17. d6 Nxc4 18. Rxc4 Qd7 19. Rxc8 Rxc8 20. Bxa7 f5 21. Bf2 e5 22. Rc1 Rxc1+ 23. Nxc1 Bf8 24. Bc5 Qc6 25. Qd5+ Qxd5 26. exd5 Kf7 27. Nd3 Bg7 28. Be3 Bb5 29. Nc5 Bf8 30. Nxb7 Ke8 31. Bc5 Kd7 32. Bb4 Bh6 33. Kf2 Bc4 34. Na5 Bxd5 35. Nb3 e4 36. fxe4 fxe4 37. Nc5+ Kxd6 38. Nxe4+ Kc6 39. Ng3 Bc4 40. a3 Bd2 41. Ne4 Bxb4 42. axb4 Kb5 43. Nf6 Kxb4 44. Nxh7 Kc5 45. Ke3 Kd6 46. Kf4 Ke7 47. Kg5 Kf7 48. Kh6 Bf1 49. g4 Be2 50. g5 Bd3 51. Nf6 Bf5 52. Nd5 Be4 53. Ne3 Bd3 54. Nd5 Be4 55. Nf4 Bc2 56. h4 Be4 57. Kh7 Bc2 58. Nd5 Be4 59. Ne3 Bd3 60. Ng4 Ke6 61. Nh6 Ke5 62. Nf7+ Kf5 63. Kh6 Be2 64. Nh8 Bh5 65. Kg7 Kg4 66. Nxg6 Kf5 67. Ne7+ Kg4 68. Ng6 Kf5 69. Ne7+ Kg4 70. Kf6 Kxh4 71. Nf5+ Kg4 72. Ng7 Kh4 73. Nxh5 Kxh5 74. g6 1-0

[Event "Basel op"]
[Site "Basel"]
[Date "2014.01.02"]
[Round "2"]
[White "Mueller, Daniel"]
[Black "Fuerst, Martin"]
[Result "1/2-1/2"]
[WhiteElo "2109"]
[BlackElo "1951"]
[PlyCount "110"]
[EventDate "2014.01.01"]
[EventType "swiss"]
[EventRounds "7"]
[EventCountry "SUI"]
[SourceTitle "CBM 158 Extra"]
[Source "ChessBase"]
[SourceDate "2014.02.28"]
[SourceVersion "1"]
[SourceVersionDate "2014.02.28"]
[SourceQuality "1"]

1. d4 d5 2. Nf3 Nf6 3. g3 e6 4. Bg2 c6 5. 0-0 Nbd7 6. b3 Be7 7. c4 0-0 8. Bb2 Ne4 9. Nc3 f5 10. e3 Bf6 11. Qe2 Qe7 12. a3 b6 13. cxd5 cxd5 14. Rfc1 a5 15. a4 Ba6 16. Nb5 Rfc8 17. Bf1 Qd8 18. Nd2 Be7 19. Nxe4 fxe4 20. Qg4 Nf8 21. f3 exf3 22. Qxf3 Rxc1 23. Rxc1 Rc8 24. Bd3 Rxc1+ 25. Bxc1 Bb7 26. Bd2 Qd7 27. Qf4 Bc6 28. Qb8 Qb7 29. Qf4 Qd7 30. Kg2 Bxb5 31. Bxb5 Qd6 32. Qxd6 Bxd6 33. Kf3 Kf7 34. e4 dxe4+ 35. Kxe4 Ng6 36. d5 Ne7 37. Bc4 e5 38. Bc3 Kf6 39. g4 Ng6 40. Bb5 Kg5 41. Bd7 Kf6 42. Bf5 Ne7 43. Bd7 h6 44. h4 Ng6 45. Be1 Nf4 46. h5 Ne2 47. Bh4+ Kf7 48. Kd3 Nd4 49. Kc4 Bc5 50. g5 hxg5 51. Bxg5 e4 52. Be3 Nxb3 53. Kxb3 Bxe3 54. Bf5 Kf6 55. Bxe4 Ke5 1/2-1/2

[Event "Rhein Main op-A 16th"]
[Site "Bad Homburg"]
[Date "2013.05.31"]
[Round "4"]
[White "Mueller, Daniel"]
[Black "Martin, Reiner"]
[Result "1/2-1/2"]
[WhiteElo "2097"]
[BlackElo "2000"]
[PlyCount "45"]
[EventDate "2013.05.29"]
[EventType "swiss"]
[EventRounds "7"]
[EventCountry "GER"]
[SourceTitle "EXT 2014"]
[Source "ChessBase"]
[SourceDate "2013.11.20"]
[SourceVersion "1"]
[SourceVersionDate "2013.11.20"]
[SourceQuality "1"]

1. d4 Nf6 2. g3 c5 3. d5 e6 4. Nc3 exd5 5. Nxd5 Nxd5 6. Qxd5 Nc6 7. Bg2 d6 8. Bg5 Be7 9. Bxe7 Qxe7 10. 0-0-0 Nb4 11. Qxd6 Qxd6 12. Rxd6 Ke7 13. Rd2 Nxa2+ 14. Kb1 Nb4 15. c3 Na6 16. Nh3 Rd8 17. Rhd1 Rxd2 18. Rxd2 Rb8 19. Nf4 Nc7 20. h4 b6 21. Bc6 Ne6 22. Nd5+ Kf8 23. Ne3 1/2-1/2

[Event "Rhein Main op-A 16th"]
[Site "Bad Homburg"]
[Date "2013.05.30"]
[Round "3"]
[White "Savina, Anastasia"]
[Black "Mueller, Daniel"]
[Result "1-0"]
[WhiteElo "2363"]
[BlackElo "2097"]
[PlyCount "81"]
[EventDate "2013.05.29"]
[EventType "swiss"]
[EventRounds "7"]
[EventCountry "GER"]
[SourceTitle "EXT 2014"]
[Source "ChessBase"]
[SourceDate "2013.11.20"]
[SourceVersion "1"]
[SourceVersionDate "2013.11.20"]
[SourceQuality "1"]

1. d4 d5 2. c4 e6 3. Nc3 Nf6 4. cxd5 exd5 5. Bg5 c6 6. e3 Bf5 7. Qf3 Bg6 8. Bxf6 Qxf6 9. Qxf6 gxf6 10. Nf3 Nd7 11. Nh4 Be7 12. g3 f5 13. Ng2 Nf6 14. f3 0-0 15. Kf2 c5 16. Nf4 Rfd8 17. Bd3 cxd4 18. exd4 Bd6 19. Nce2 Bc7 20. Rhc1 Ne8 21. Bb5 Bxf4 22. Nxf4 Rd6 23. Bxe8 Rxe8 24. Rc7 Rb6 25. b3 Rd8 26. Re1 Rb4 27. h4 h5 28. Nxg6 fxg6 29. Ree7 Rxd4 30. Rg7+ Kh8 31. Rh7+ Kg8 32. Rcg7+ Kf8 33. Rxb7 Kg8 34. Rbg7+ Kf8 35. Rxa7 Kg8 36. Rag7+ Kf8 37. Rb7 Kg8 38. Ke3 Rd1 39. Kf4 d4 40. Kg5 Rg1 41. Kh6 1-0

[Event "Verbandsliga Sued Baden 1213"]
[Site "Baden"]
[Date "2013.01.13"]
[Round "4.3"]
[White "Mueller, Daniel"]
[Black "Bauer, Andreas"]
[Result "0-1"]
[WhiteElo "2143"]
[BlackElo "2188"]
[PlyCount "110"]
[EventDate "2012.10.21"]
[EventType "team-tourn"]
[EventRounds "9"]
[EventCountry "GER"]
[SourceTitle "EXT 2014"]
[Source "ChessBase"]
[SourceDate "2013.11.20"]
[SourceVersion "1"]
[SourceVersionDate "2013.11.20"]
[SourceQuality "1"]
[WhiteTeam "Oberkirch"]
[BlackTeam "Emmendingen"]
[WhiteTeamCountry "GER"]
[BlackTeamCountry "GER"]

1. e4 c5 2. Nf3 Nc6 3. Bb5 Na5 4. 0-0 a6 5. Be2 e6 6. c4 Qc7 7. Nc3 b6 8. Re1 Bb7 9. d4 cxd4 10. Qxd4 Nc6 11. Qd1 Nf6 12. Bg5 Bb4 13. Bf1 Ne5 14. Nd2 Neg4 15. e5 Nxe5 16. Bf4 Bd6 17. Bg3 Ng6 18. Bxd6 Qxd6 19. Nde4 Qxd1 20. Raxd1 Bxe4 21. Nxe4 Ke7 22. Nd6 Rhd8 23. g3 Ne8 24. Nf5+ Kf6 25. Ne3 Ra7 26. f4 d6 27. Rd2 Rc8 28. h4 Nf8 29. g4 g6 30. g5+ Kg7 31. b3 Nd7 32. Bg2 b5 33. Rc1 bxc4 34. Rxc4 Rxc4 35. bxc4 Kf8 36. Kf2 Ke7 37. Rb2 Kd8 38. Ke2 Kc7 39. Bf3 Nc5 40. Rb1 a5 41. Nc2 Ra6 42. Nd4 Rb6 43. Nb5+ Kd7 44. Kd2 Ng7 45. Bg4 f5 46. Bf3 e5 47. fxe5 dxe5 48. Bd5 Nge6 49. Nc3 Rxb1 50. Nxb1 Kd6 51. Nc3 e4 52. Bxe6 Nxe6 53. Nd5 Ke5 54. Nf6 Kd4 55. Nxh7 e3+ 0-1

[Event "Verbandsliga Sued Baden 1213"]
[Site "Baden"]
[Date "2012.11.18"]
[Round "2.3"]
[White "Kramer, Colin"]
[Black "Mueller, Daniel"]
[Result "1/2-1/2"]
[WhiteElo "1943"]
[BlackElo "2143"]
[PlyCount "85"]
[EventDate "2012.10.21"]
[EventType "team-tourn"]
[EventRounds "9"]
[EventCountry "GER"]
[SourceTitle "EXT 2014"]
[Source "ChessBase"]
[SourceDate "2013.11.20"]
[SourceVersion "1"]
[SourceVersionDate "2013.11.20"]
[SourceQuality "1"]
[WhiteTeam "Iffezheim"]
[BlackTeam "Oberkirch"]
[WhiteTeamCountry "GER"]
[BlackTeamCountry "GER"]

1. c4 e5 2. g3 Nf6 3. Bg2 d5 4. b3 Nc6 5. Bb2 Bc5 6. d3 0-0 7. cxd5 Nxd5 8. Nf3 f6 9. 0-0 Nde7 10. Qc2 Bb6 11. Qc4+ Kh8 12. b4 Nf5 13. Nbd2 Qe8 14. a3 Be6 15. Qc2 Qh5 16. Nb3 Rad8 17. Nc5 Bc8 18. Rac1 Rfe8 19. e3 Nh6 20. d4 Bxc5 21. Qxc5 Bg4 22. Nd2 exd4 23. Bxc6 Qxc5 24. Rxc5 dxe3 25. Bxe8 exd2 26. Ba4 d1Q 27. Bxd1 Bxd1 28. Rxc7 b5 29. Rxa7 Nf5 30. Kg2 h5 31. h3 Rd2 32. Bc1 Ne3+ 33. Kg1 Nxf1 34. Bxd2 Nxd2 35. Rd7 Nf3+ 36. Kg2 Be2 37. Re7 Bd1 38. Re3 Ne5 39. f4 Nc4 40. Rd3 Bc2 41. Rc3 Bd1 42. Kf2 Kg8 43. Ke1 1/2-1/2

[Event "Baden-ch"]
[Site "Ottenau"]
[Date "2005.03.30"]
[Round "8"]
[White "Meyer, Peter"]
[Black "Mueller, Daniel"]
[Result "1/2-1/2"]
[WhiteElo "2306"]
[BlackElo "2218"]
[PlyCount "31"]
[EventDate "2005.03.25"]
[EventType "swiss"]
[EventRounds "11"]
[EventCountry "GER"]
[SourceTitle "CBM 105 Extra"]
[Source "ChessBase"]
[SourceDate "2005.05.01"]
[SourceVersion "1"]
[SourceVersionDate "2005.05.01"]
[SourceQuality "1"]

1. d4 d5 2. Nf3 c5 3. e3 Nf6 4. c3 e6 5. Bd3 Nc6 6. Nbd2 Qc7 7. 0-0 Be7 8. dxc5 Bxc5 9. e4 0-0 10. exd5 exd5 11. Nb3 Bb6 12. Bc2 Bg4 13. Qd3 Bh5 14. Be3 Bxe3 15. Qxe3 Rfe8 16. Qd3 1/2-1/2

[Event "Baden-ch"]
[Site "Ottenau"]
[Date "2005.03.26"]
[Round "3"]
[White "Inhoven, Stefan"]
[Black "Mueller, Daniel"]
[Result "1/2-1/2"]
[WhiteElo "2211"]
[BlackElo "2218"]
[PlyCount "84"]
[EventDate "2005.03.25"]
[EventType "swiss"]
[EventRounds "11"]
[EventCountry "GER"]
[SourceTitle "CBM 105 Extra"]
[Source "ChessBase"]
[SourceDate "2005.05.01"]
[SourceVersion "1"]
[SourceVersionDate "2005.05.01"]
[SourceQuality "1"]

1. e4 c6 2. d4 d5 3. Nd2 dxe4 4. Nxe4 Bf5 5. Ng3 Bg6 6. N1e2 e6 7. Nf4 Bd6 8. Nxg6 hxg6 9. Ne4 Be7 10. c3 Nd7 11. Bf4 Ndf6 12. Nd2 Nd5 13. Bg3 Ngf6 14. Bd3 Nh5 15. Qf3 Nxg3 16. fxg3 Nf6 17. 0-0 Qc7 18. Nc4 0-0-0 19. a4 c5 20. Rfc1 Kb8 21. a5 cxd4 22. cxd4 Rxd4 23. Ne3 Bc5 24. a6 Nd5 25. Rxc5 Qxc5 26. Qxf7 Qe7 27. Qxe7 Nxe7 28. Bf1 Rhd8 29. axb7 Kxb7 30. Ra6 R8d6 31. Ra3 Nc6 32. Nc4 R6d5 33. Rf3 Rf5 34. Rc3 Rf8 35. Be2 e5 36. h3 e4 37. Re3 Rfd8 38. Rb3+ Kc7 39. Rc3 Kb7 40. Rb3+ Kc7 41. Rc3 Kd7 42. Rb3 Kc7 1/2-1/2

[Event "Baden-ch"]
[Site "Ottenau"]
[Date "2005.03.25"]
[Round "1"]
[White "Schneider, Bernd2222"]
[Black "Mueller, Daniel"]
[Result "1-0"]
[WhiteElo "2293"]
[BlackElo "2218"]
[PlyCount "103"]
[EventDate "2005.03.25"]
[EventType "swiss"]
[EventRounds "11"]
[EventCountry "GER"]
[SourceTitle "CBM 105 Extra"]
[Source "ChessBase"]
[SourceDate "2005.05.01"]
[SourceVersion "1"]
[SourceVersionDate "2005.05.01"]
[SourceQuality "1"]

1. e4 c6 2. d4 d5 3. Nd2 dxe4 4. Nxe4 Nf6 5. Nxf6+ gxf6 6. Nf3 Bf5 7. g3 Nd7 8. Bg2 Bg7 9. 0-0 0-0 10. Re1 Re8 11. Nh4 Bg6 12. f4 f5 13. Be3 e6 14. Qd3 Qc7 15. Rad1 Rad8 16. Qb3 Nf6 17. Kh1 Rd7 18. Bg1 Red8 19. c3 Bh5 20. Rc1 c5 21. dxc5 Ne4 22. Qb5 Bf6 23. Nf3 Rd3 24. Nd4 Rd2 25. Be3 Rxg2 26. Kxg2 Nxc5 27. Kg1 a6 28. Qf1 Na4 29. Qg2 Kh8 30. Nb3 b5 31. Bd4 Bxd4+ 32. cxd4 Qd7 33. Qc6 Qxc6 34. Rxc6 Nxb2 35. Rxa6 Nd3 36. Re3 Nb4 37. Ra5 Nd5 38. Re1 b4 39. Rc1 Kg7 40. Ra7 Bf3 41. Kf2 Be4 42. Nc5 Kg6 43. Nd7 f6 44. Rc5 Bb1 45. Rc6 Bxa2 46. Rxe6 h6 47. Rd6 Rc8 48. Rxa2 b3 49. Rb2 Nc3 50. Kg2 Nd1 51. Rxb3 Rc2+ 52. Kf1 1-0

[Event "NRW-Ferienturnier U16"]
[Site "Wewelsburg"]
[Date "2001.08.17"]
[Round "6"]
[White "Esser, Thomas"]
[Black "Mueller, Daniel"]
[Result "1/2-1/2"]
[WhiteElo "927"]
[BlackElo "1207"]
[PlyCount "51"]
[EventDate "2001.08.??"]
[EventType "swiss"]
[EventRounds "7"]
[EventCountry "GER"]
[SourceTitle "EXT 2003"]
[Source "ChessBase"]
[SourceDate "2002.11.25"]
[SourceVersion "1"]
[SourceVersionDate "2002.11.25"]
[SourceQuality "1"]

1. e4 e5 2. Nf3 Nc6 3. Bc4 h6 4. 0-0 Nf6 5. d4 exd4 6. Nxd4 Nxd4 7. Qxd4 d6 8. Nc3 Be7 9. Qd1 0-0 10. Re1 Bd7 11. Bd5 Qc8 12. b3 c6 13. Bc4 Be6 14. Bxe6 Qxe6 15. Bb2 Rfd8 16. Ba3 a5 17. h3 b5 18. Bb2 b4 19. Na4 Nxe4 20. Qd4 Bf6 21. Qxe4 Qxe4 22. Rxe4 Bxb2 23. Nxb2 d5 24. Ree1 Rac8 25. Re2 c5 26. Rd1 1/2-1/2

[Event "Staufer op 12th"]
[Site "Schwaebisch Gmuend"]
[Date "2000.??.??"]
[Round "3"]
[White "Haap, Juergen"]
[Black "Mueller, Daniel"]
[Result "0-1"]
[WhiteElo "2040"]
[BlackElo "2270"]
[PlyCount "64"]
[EventDate "2000.01.02"]
[EventType "swiss"]
[EventRounds "9"]
[EventCountry "GER"]
[SourceTitle "CBM 074 Extra"]
[Source "ChessBase"]
[SourceDate "2000.03.10"]
[SourceVersion "2"]
[SourceVersionDate "2000.03.10"]
[SourceQuality "1"]

1. d4 d5 2. c4 e6 3. Nc3 c5 4. cxd5 exd5 5. Nf3 Nc6 6. g3 Nf6 7. Bg2 Be7 8. 0-0 0-0 9. dxc5 d4 10. Na4 Bf5 11. Bf4 Be4 12. Rc1 Qd5 13. a3 Rad8 14. b4 g5 15. Bd6 Rfe8 16. Ne1 Bxg2 17. Nxg2 Bxd6 18. cxd6 b6 19. e3 Rxd6 20. Nb2 Ne5 21. f4 Neg4 22. Qxd4 Qxg2+ 23. Kxg2 Rxd4 24. exd4 Re2+ 25. Kg1 Rxb2 26. fxg5 Ne4 27. Rf4 Nxh2 28. Rc8+ Kg7 29. Rc7 Nxg5 30. Rf5 Nh3+ 31. Kh1 Kg6 32. Rcxf7 Ng4 0-1

[Event "Staufer op 12th"]
[Site "Schwaebisch Gmuend"]
[Date "2000.??.??"]
[Round "9"]
[White "Kercher, Peter"]
[Black "Mueller, Daniel"]
[Result "1-0"]
[WhiteElo "2100"]
[BlackElo "2270"]
[PlyCount "45"]
[EventDate "2000.01.02"]
[EventType "swiss"]
[EventRounds "9"]
[EventCountry "GER"]
[SourceTitle "CBM 074 Extra"]
[Source "ChessBase"]
[SourceDate "2000.03.10"]
[SourceVersion "2"]
[SourceVersionDate "2000.03.10"]
[SourceQuality "1"]

1. e4 c6 2. d4 d5 3. Nd2 dxe4 4. Nxe4 Nf6 5. Ng3 c5 6. Nf3 Nc6 7. Be3 Bg4 8. Be2 Qa5+ 9. c3 Rd8 10. 0-0 cxd4 11. Nxd4 Nxd4 12. Bxd4 Bxe2 13. Qxe2 e6 14. a4 b6 15. b4 Qd5 16. Rfd1 Qb7 17. Bxf6 gxf6 18. Qb5+ Rd7 19. a5 Ke7 20. axb6 Rxd1+ 21. Rxd1 axb6 22. c4 Qc7 23. Nf5+ 1-0